| 000 | 00437cam a2200193ua 4500 | ||
|---|---|---|---|
| 020 | _cRs. 521.40 | ||
| 041 |
_aeng _h |
||
| 082 |
_a530 _bKES/PH |
||
| 100 | _aResnick, Robert . | ||
| 245 | _aPhysics part 1 | ||
| 250 |
_a1 / _b. |
||
| 260 |
_aNew Delhi : _bWiley Eastern Ltd , _c1960. |
||
| 300 | _a ; . | ||
| 365 | _aRs. 521.40 | ||
| 504 | _a | ||
| 700 | 1 | _aHallidag, David . | |
| 942 | _cBK | ||
| 999 |
_c1616 _d1616 |
||